| 000 | 00390nam a2200145Ia 4500 | ||
|---|---|---|---|
| 008 | 230312s9999||||xx |||||||||||||| ||und|| | ||
| 020 | _a969-801621-x | ||
| 082 |
_a745.5071 _bAKH-H |
||
| 100 | _aAkhtar;Riazuddin | ||
| 245 | 0 | _aHistory of HANDICRAFT: Pakistan-India | |
| 260 |
_bNational Hijra Counci _aPakistam _c1988 |
||
| 300 | _a531 | ||
| 650 |
_aArchitecture _vHanhicraft |
||
| 942 | _cBK | ||
| 999 |
_c14391 _d14391 |
||